Ligne 17 des TPG : tous les arrêts - Statistiques

Statistiques générales
  • Ce quiz a été pris 4 fois
  • Le résultat moyen est 25 sur 26
Statistiques - réponses
Connexions Arrêt % Correct
Ambilly, Croix-d'Ambilly
100%
Annemasse, Parc Montessuit
100%
15 Carouge, Pictet-Thellusson
100%
12 Chêne-Bougeries, Grange-Canal
100%
12, 34 Chêne-Bougeries, Grange Falquet
100%
12, 34 Chêne-Bougeries, Grangettes
100%
12, 31, 37, 38, 41 Chêne-Bourg, Place Favre
100%
Gaillard, Libération
100%
15 Genève, Acacias
100%
11, 12 Genève, Amandolier
100%
2, 3, 5, 7, 10, 12, 14, 18, 19, 20, 80, 92 Genève, Bel-Air
100%
11, 12 Genève-Eaux-Vives, gare
100%
15 Genève, Industrielle
100%
2, 7, 10, 12, 92 Genève, Molard
100%
3, 5, 12, 18, 20, 92 Genève, Place de Neuve
100%
1, 12, 15, 18 Genève, Plainpalais
100%
2, 6, 7, 8, 9, 10, 12, 25, 33, 92, 271, A, E, E+, G, G+ Genève, Rive
100%
15, 91 Genève, Uni-Mail
100%
12 Genève, Villereuse
100%
21, 40, 42 Lancy-Pont-Rouge, gare
100%
15, 21, 40, 42, 43, 80, 272 Lancy-Pont-Rouge, gare/Etoile
100%
12, 32, C3, C4 Thônex, Graveson
100%
12 Thônex, Moillesulaz
100%
12, 31, 37, C3 Chêne-Bourg, Peillonnex
75%
1, 12, 25, 274 Genève, Terrassière
75%
Gaillard, Millet
50%
Aucun quiz correspondant
Distribution des résultats
% des personnes avec chaque résultat
Percentile par nombre de réponses
Votre historique - résultats
Vous n’avez pas pris ce quiz